Theoretical concepts in physics : an alternative view jof theoretical reasoning in physics for final-year undergraduaties

Αποθηκεύτηκε σε:
Λεπτομέρειες βιβλιογραφικής εγγραφής
Κύριος συγγραφέας: Longair, M. S. 1941-
Μορφή: Βιβλίο
Γλώσσα:English
Δημοσίευση: Cambridge ; New York : Cambridge University Press, 1984
Θέματα:
Ετικέτες: Προσθήκη ετικέτας
Δεν υπάρχουν, Καταχωρήστε ετικέτα πρώτοι!

MARC

LEADER 00000nam a2200000 i 4500
001 1/80686
008 990512s1984 eng d
020 |a 0-521-27553-9 
035 |l 10050699 
040 |a GR-MY-UA  |b gre  |e aacr 
041 0 |a eng 
082 0 |a 530.1 
100 1 |a Longair, M. S.  |d 1941- 
245 1 0 |a Theoretical concepts in physics :  |b an alternative view jof theoretical reasoning in physics for final-year undergraduaties /  |c M. S. Longair 
260 |a Cambridge ; New York :   |b Cambridge University Press,   |c 1984 
300 |a xiii, 366 p.;  |b ill., ports.;  |c 24 cm. 
500 |a Includes bibliographical references and index 
650 0 0 |a Mathematical physics. 
852 |a INST  |b SAMOS  |e 19990512  |h 530.1 LON  |p 005300014713  |q 005300014713  |t BK  |y 0 
901 |a BIBL3-1999-2 
909 |a Σ  |b 064449 
922 |a 3ΕΛΗ  |b 199903  |c ΚΠΣ  |d GLORY